Consumer behavior /

Bibliographic Details
Main Author: Engel, James F.
Other Authors: Blackwell, Roger D.
Format: Book
Language:English
Published: Chicago : Dryden Press, [1982]
Edition:4th ed.
Series:Dryden Press series in marketing.
Subjects:

MARC

Tag First Indicator Second Indicator Subfields
LEADER 00000cam a2200000 a 4500
001 in00000097642
005 20150924085330.0
008 820528s1982 ilua b 00110 eng
010 |a  81067232  
020 |a 0030592429 
035 |a (OCoLC)08359466 
035 |9 AAK9266AM 
039 0 |a 2  |b 3  |c 3  |d 3  |e 3 
040 |a DLC  |c DLC  |d TXA  |d UtOrBLW 
049 |a TXAM  |c [985933] 
050 0 0 |a HF5415.3  |b  E528 1982 
082 0 |a 658.8/342  |2 19 
100 1 |a Engel, James F. 
245 1 0 |a Consumer behavior /  |c James F. Engel, Roger D. Blackwell. 
250 |a 4th ed. 
264 1 |a Chicago :  |b Dryden Press,  |c [1982] 
264 4 |c ©1982 
300 |a vii, 690 pages :  |b illustrations ;  |c 25 cm. 
336 |a text  |b txt  |2 rdacontent 
337 |a unmediated  |b n  |2 rdamedia 
338 |a volume  |b nc  |2 rdacarrier 
490 1 |a The Dryden Press series in marketing 
504 |a Includes bibliographical references and indexes. 
650 0 |a Consumers. 
650 0 |a Marketing research. 
700 1 |a Blackwell, Roger D. 
830 0 |a Dryden Press series in marketing. 
999 |a MARS 
999 f f |s 210fcba2-051d-35ac-a6eb-79bc486fff36  |i 8642451d-0749-3244-a651-3df7b4956b49  |t 0 
952 f f |p ric  |a Texas A&M University  |b Rellis Campus  |c Joint Library Facility  |d Remote Storage  |t 0  |e HF5415.3 E528 1982  |h Library of Congress classification  |i unmediated -- volume  |m A14806017719 
998 f f |a HF5415.3 E528 1982  |t 0  |l Remote Storage